000 00380 a2200109 4500
022 _a09684107
082 _a307.12 HIN
100 _aHine. J L
245 _aA Comparison of Freight Transport Operations in Tanzania and Indonesia /
_cJ L Hine, J H Ebden, P Swan
260 _aEngland :
_bTransport Research Foundation Group of Companies,
_c1997
300 _a27p. :
_bill. ;
_c30 cm
650 _aTransport Operations
999 _c2096
_d2096